Política turística y promoción internacional : el Programa “Nómades Digitales” en Argentina

Detalles Bibliográficos
Autor principal: Rinaldi, María Agustina (Autor, Disertante)
Otros Autores: Schenkel, Erica. 1986- (Orientador, Directora), Sereno, Claudia A. (Orientador, Codirectora)
Formato: Tesis eBook
Lenguaje:Espa�ol
Publicado: 2024.
Materias:
Acceso en línea:Repositorio del Departamento de Geografía y Turismo.
Etiquetas: Agregar Etiqueta
Sin Etiquetas, Sea el primero en etiquetar este registro!

MARC

LEADER 00000ntm a22000004a 4500
001 AR-BbUGT58389
003 AR-BbUGT
005 20250423141129.0
007 cr nn a|a|a|a|
008 250423s2024 ag o 001 0 spa d
040 |a AR-BbUGT  |c AR-BbUGT  |e aacr2 
082 |a 380.14 
100 1 |a Rinaldi, María Agustina.  |e Autor  |4 dis 
245 |a Política turística y promoción internacional :   |b el Programa “Nómades Digitales” en Argentina  |h [Recurso electrónico] /  |c tesista: Rinaldi, María Agustina ; directora: Schenkel, Erica ; co-directora: Sereno, Claudia. 
260 |c 2024. 
300 |a 1 recurso en línea (79 p.)  
500 |a Descripción basada en el recurso electrónico; título tomado del PDF, (visto el 23 de abril de 2025).  
500 |a "Tesina de Licenciatura en Turismo" (Port.) 
502 |g Tesis  |b Grado  |c Universidad Nacional del Sur, Departamento de Geografía y Turismo.  |d 2024  |o 7070 
506 0 |a Acceso abierto. 
520 3 |a La presente investigación tiene por fin analizar el Programa “Nómades Digitales”, una política turística de promoción internacional que tiene por objeto la atracción de dichos turistas al país y el posicionamiento de Argentina como uno de los principales destinos para este segmento en América Latina, impulsada por el entonces Ministerio de Turismo y Deportes de la Nación en conjunto con el Instituto Nacional de Promoción Turística (INPROTUR). En ese sentido, se indaga sobre las acciones comprendidas en el programa, los aspectos relativos a su implementación y los resultados e impactos en el territorio. 
538 |a Modo de acceso: Internet.  
540 |a Reconocimiento-NoComercial-SinObraDerivada 4.0 (CC BY-NC-ND 4.0)  |u http://creativecommons.org/licenses/by-nc-nd/4.0/ 
650 |a Política turística  |2 unbist 
651 4 |a Argentina  |9 254 
653 |a Nómades digitales 
653 |a Fomento del turismo 
653 |a Turismo internacional 
700 1 |a Schenkel, Erica.  |d 1986-  |e Directora  |4 ths  |9 830 
700 1 |a Sereno, Claudia A.  |e Codirectora  |4 ths  |9 812 
710 2 |a Universidad Nacional del Sur.  |b Departamento de Geografía y Turismo  |4 dgg  |9 48 
856 4 |u https://repositoriodigital.uns.edu.ar/handle/123456789/7070  |y Repositorio del Departamento de Geografía y Turismo.  |3 Texto completo  |7 0  |2 http 
942 |c BK  |2 ddc  |h 380.14  |6 380_140000000000000 
999 |c 16168  |d 16168